Débuts de chansons - années 90 - Statistiques

Statistiques générales
  • Ce quiz a été pris 76 fois
  • Le résultat moyen est 6 sur 15
Statistiques - réponses
Hint Réponse % Correct
"Allez viens, _'______ __ ____ / je t'emmène au dessus des gens" J't'emmène au vent / Louise Attaque
93%
"Savoir sourire / À une inconnue qui passe / N'en garder aucune trace" Savoir aimer / Florent Pagny
78%
"Comme si je n'existais pas / Elle est passée à côté de moi" Aïcha / Khaled
63%
"Chez moi les forêts se balancent et les toits grattent le ciel" J'irai où tu iras / Céline Dion, Jean-Jacques Goldman
58%
"Encore un jour se lève sur la planète France" Jeune et con / Saez
53%
"Je suis un missionnaire de la drague je l'avoue / Le kiki au toutou en espadrilles à clous" Machistador / -M-
49%
"Pourquoi les gens qui s'aiment / Sont-ils toujours un peu les mêmes" Un homme heureux / William Sheller
49%
"Si tu cherches un peu de gaité / Viens donc faire un tour à Lambé" Lambé An Dro / Matmatah
44%
"À l'arrière des berlines / On devine" Osez Joséphine / Alain Bashung
34%
"Tout a commencé là-bas dans la ville qu'on appelle Maisons-Alfort" Bouge de là / MC Solaar
27%
"J'ai voulu planter un oranger / Là où la chanson n'en verra jamais" La ballade nord-irlandaise / Renaud
27%
"À l'aube de l'an 2000 / Pour les jeunes c'est plus le même deal" Laisse pas trainer ton fils / Suprême NTM
20%
"Parfois j'aimerais mourir tellement j'ai voulu croire" Je ne t'aime plus / Manu Chao
17%
"J'suis un mannequin glacé avec un teint d'soleil" L'homme pressé / Noir Désir
17%
"Je sors de chez moi, salut mon gars / Tu sors de prison, dis-moi comment ça va ?" Nirvana / Doc Gynéco
14%
Aucun quiz correspondant
Distribution des résultats
% des personnes avec chaque résultat
Percentile par nombre de réponses
Votre historique - résultats
Vous n’avez pas pris ce quiz